00540nam a2200157 i 4500001000300000100002100003245008900024260002900113040000800142041000800150942000700158008004100165999001700206856009800223952006100321bg1 aSZILARD, Rudolph 0aTheory and Analysis of Plates :bclassical and numerical methods /cRudolph Szilard. aEnglewood Cliffs,c1974. cBPK apol cKS s pl f |000 0 pol  c27264d27264 uhttp://koha.tu.koszalin.pl/cgi-bin/koha/opac-detail.pl?biblionumber=27264yKatalog online BPK 00104070aBPKbBPKcwo20865p01286540q2026-12-08yKS